Test Your Aptitude (Record no. 61485)

MARC details
000 -LEADER
fixed length control field 00280nam a2200121Ia 4500
008 - FIXED-LENGTH DATA ELEMENTS--GENERAL INFORMATION
fixed length control field 221007s9999 xx 000 0 und d
041 ## - LANGUAGE CODE
Language code of text/sound track or separate title eng
082 ## - DEWEY DECIMAL CLASSIFICATION NUMBER
Item number THE
100 ## - MAIN ENTRY--PERSONAL NAME
Personal name The Times
9 (RLIN) 96999
245 ## - TITLE STATEMENT
Title Test Your Aptitude
260 ## - PUBLICATION, DISTRIBUTION, ETC. (IMPRINT)
Date of publication, distribution, etc. 2006
Name of publisher, distributor, etc. The Times
Place of publication, distribution, etc. Mumbai
906 ## - LOCAL DATA ELEMENT F, LDF (RLIN)
b General
Holdings
Withdrawn status Lost status Damaged status Not for loan Home library Current library Date acquired Vendor Total Checkouts Full call number Barcode Date last seen Bill Date Koha item type Original Barcode
        Smt. Hiraben Nanavati Institute of Management & Research for Women Smt. Hiraben Nanavati Institute of Management & Research for Women 03/08/2006 Satya Gilani   THE HIMR-AV-582 07/10/2022 03/08/2006 Video Casset AV0582